Islam in West Africa / (Record no. 20429)
[ view plain ]
| 000 -LEADER | |
|---|---|
| fixed length control field | 01078cam a22003131 4500 |
| 001 - CONTROL NUMBER | |
| control field | 7462351 |
| 003 - CONTROL NUMBER IDENTIFIER | |
| control field | BDDh-ASL |
| 005 - DATE AND TIME OF LATEST TRANSACTION | |
| control field | 20231015025904.0 |
| 008 - FIXED-LENGTH DATA ELEMENTS--GENERAL INFORMATION | |
| fixed length control field | 721011s1959 enkab 000 0 eng |
| 010 ## - LIBRARY OF CONGRESS CONTROL NUMBER | |
| LC control number | a 56003999 |
| 015 ## - NATIONAL BIBLIOGRAPHY NUMBER | |
| National bibliography number | GB55-13563 |
| 035 ## - SYSTEM CONTROL NUMBER | |
| System control number | (OCoLC)426246 |
| 040 ## - CATALOGING SOURCE | |
| Original cataloging agency | DLC |
| Transcribing agency | OWibfU |
| Modifying agency | OCoLC |
| -- | PPiPT |
| -- | OCoLC |
| -- | Uk |
| -- | PPLT |
| -- | DLC |
| -- | BDDh-ASL |
| 042 ## - AUTHENTICATION CODE | |
| Authentication code | premarc |
| 050 00 - LIBRARY OF CONGRESS CALL NUMBER | |
| Classification number | BV3540 |
| Item number | .T7 |
| 082 ## - DEWEY DECIMAL CLASSIFICATION NUMBER | |
| Classification number | 297.096 |
| Item number | TRI |
| 100 1# - MAIN ENTRY--PERSONAL NAME | |
| Personal name | Trimingham, J. Spencer |
| Fuller form of name | (John Spencer), |
| Dates associated with a name | 1904- |
| 245 14 - TITLE STATEMENT | |
| Title | Islam in West Africa / |
| 260 ## - PUBLICATION, DISTRIBUTION, ETC. | |
| Place of publication, distribution, etc. | London, |
| Name of publisher, distributor, etc. | Oxford University Press, |
| Date of publication, distribution, etc. | [1959] |
| 300 ## - PHYSICAL DESCRIPTION | |
| Extent | 262 p. |
| Other physical details | illus., map. |
| Dimensions | 22 cm. |
| 490 0# - SERIES STATEMENT | |
| Series statement | I.M.C. research pamphlets, |
| Volume/sequential designation | no. 3 |
| 500 ## - GENERAL NOTE | |
| General note | Based on material collected under the sponsorship of the Church Missionary Society and the Methodist Missionary Society. |
| 650 #0 - SUBJECT ADDED ENTRY--TOPICAL TERM | |
| Topical term or geographic name entry element | Muslims |
| Geographic subdivision | Africa, West. |
| 650 #0 - SUBJECT ADDED ENTRY--TOPICAL TERM | |
| Topical term or geographic name entry element | Christians |
| Geographic subdivision | Africa, West. |
| 650 #0 - SUBJECT ADDED ENTRY--TOPICAL TERM | |
| Topical term or geographic name entry element | Christianity and other religions |
| General subdivision | Islam. |
| 651 #0 - SUBJECT ADDED ENTRY--GEOGRAPHIC NAME | |
| Geographic name | Africa, West |
| General subdivision | Church history. |
| 906 ## - LOCAL DATA ELEMENT F, LDF (RLIN) | |
| a | 7 |
| b | cbc |
| c | oclcrpl |
| d | u |
| e | ncip |
| f | 19 |
| g | y-gencatlg |
| 942 ## - ADDED ENTRY ELEMENTS (KOHA) | |
| Source of classification or shelving scheme | Dewey Decimal Classification |
| Koha item type | Books |
| Withdrawn status | Lost status | Source of classification or shelving scheme | Damaged status | Not for loan | Collection code | Home library | Current library | Shelving location | Date acquired | Source of acquisition | Total Checkouts | Full call number | Barcode | Date last seen | Copy number | Price effective from | Koha item type | Public note |
|---|---|---|---|---|---|---|---|---|---|---|---|---|---|---|---|---|---|---|
| Dewey Decimal Classification | Damaged | Not For Loan | Non-fiction | Asiatic Society Library | Asiatic Society Library | General Stacks | 01/09/2021 | ASB Collection | 297.096 TRI | 103874 | 01/09/2021 | C-1 | 01/09/2021 | Books | RARE |